000 01623nam2a2200373 4500
001 rc\2897943
005 20260621142120.0
035 _a(NLR Aleph) 007049502
090 _a13732370
_c13732370
100 _a20110728d1930 |||y0rusy50 ca
101 1 _arus
_ceng
102 _aRU
105 _aa z |||||
135 _acrmn mmmanaba
200 1 _aОстров доктора Моро
_aМашина времени
_fПер. с. англ. Ксении Морозовой
_gПод ред. М.А. Морозова
_gСо статьей проф. М. Завидовского
210 _d1930
215 _a293, [3] с.
_cил.
325 _aКопия доступна в Электрон. б-ке РНБ
461 0 _1001rc\2897942
_12001#$aПолное собрание фантастических романов$fГ. Дж. Уэллс$gПод ред. М. Зенкевича$vT. 3
_1700#1$aУэллс$bГ. Д.$gГерберт Джордж$f1866-1946$3RU\NLR\AUTH\7727483
702 1 _aМорозова
_bК.
_gКсения
_4730
702 1 _aМорозов
_bМ. А.
_4340
702 1 _aЗавидовский
_bМ.
_4570
801 0 _aRU
_bNLR
_gpsbo
801 1 _aRU
_bELAR
_2rusmarc
852 _aNLR
_j73/521
856 0 _uhttps://vivaldi.nlr.ru/bx000024517/view
856 1 _uhttps://vivaldi.nlr.ru/bx000024517/cover
856 2 _uhttps://vivaldi.nlr.ru/bx000024517/text
942 _cBOOK
980 _aNB
981 3 3 _a(33) Художественная литература
_b(33) Переводы